Online Catalogue and eLibrary

The Diary of a young girl : (Record no. 5642)

MARC details
000 -LEADER
fixed length control field 00473nam a2200157Ia 4500
005 - DATE AND TIME OF LATEST TRANSACTION
control field 20241106015704.0
008 - FIXED-LENGTH DATA ELEMENTS--GENERAL INFORMATION
fixed length control field 240331s9999 xx 000 0 und d
020 ## - INTERNATIONAL STANDARD BOOK NUMBER
ISBN 0141007214
082 ## - DDC Classification
Item Number - Author Mark FRA
Class No. 823
100 ## - MAIN ENTRY--PERSONAL NAME
Personal name Frank,A
245 #2 - TITLE STATEMENT
Title The Diary of a young girl :
260 ## - PUBLICATION, DISTRIBUTION, ETC.
Place of publication, distribution, etc. England
Name of publisher, distributor, etc. Penguin Books
Date of publication, distribution, etc. 1995
300 ## - PHYSICAL DESCRIPTION
Extent (e.g. Volumes, Pages etc.) 426 p .,
500 ## - GENERAL NOTE
General note The Diary of a Young Girl Remains the single most poignant true-life story to emerge from the second World War.
942 ## - Koha item type (Biblio)
Koha item type Books in Stacks (Lending)
Holdings
Lost status Damaged status Collection code Home library Current library Shelving location Date acquired Full call number Accession Number Item type
    Lending WERC Library WERC Library Social Science Cupboard 03/31/2024 823 FRA 6382 Books in Stacks (Lending)

© WERC Library